000 00570nam a2200193Ia 4500
005 20250326145607.0
008 250326s9999 xx 000 0 und d
037 _aTextbook
040 _aFMSL
_beng
_cFMSL
041 _aeng
_2eng
084 _aX:321(SNI) Q5
_qFMSL
245 0 _aFocus on consumer behaviours and experiences in an online shopping environment
260 _aUnited Kingdom
_bUnited Kingdom, Emerald
_c2015
300 _a180p
365 _b3394.54
650 _aManagement
942 _cTB
_hX:321(SNI) Q5
999 _c1308118
_d1308118